A te la scelta! /

Un libro sull'importanza del fare scelte davanti alle possibilità che la vita ti propone. Da quelle più semplici che si compiono ogni giorno fino alle più difficili. Una riflessione, lo spunto per un confronto tra adulti e bambini che stanno costruendo pian piano la propria identità attraverso scelt...

全面介紹

Saved in:
書目詳細資料
Main Authors: Peiron, Denis (Author), Druvert, Hélène (Author)
格式: 圖書
語言:意大利语
出版: Modena : Franco Cosimo Panini, 2023
標簽: 添加標簽
沒有標簽, 成為第一個標記此記錄!

MARC

LEADER 00000nam a22000007i 4500
001 IT\ICCU\CAG\2151211
003 ItRI
005 20250614115441.0
008 231215s2023 it |||||| ||||| |||||c
020 |a 9788857019765 
040 |b ita  |c Arcigay Queer VdA 
041 7 |a ita  |2 ISO-639-2 
082 |a 843.92  |2 23 
100 1 |a Peiron, Denis  |0 IT\ICCU\CAGV\759948  |4 aut 
240 1 0 |a Frambroise ou citron, à toi de choisir  |9 Peiron, Denis 
245 1 0 |a A te la scelta! /  |c Denis Peiron e Hélène Druvert. 
260 |a Modena :  |b Franco Cosimo Panini,  |c 2023 
300 |a 1 volume (senza paginazione) :  |b cartone, ill. ;  |c 31 cm 
500 |a Traduzione di Giulia Calandra Buonaura 
500 |a Libro animato e fustellato 
520 |a Un libro sull'importanza del fare scelte davanti alle possibilità che la vita ti propone. Da quelle più semplici che si compiono ogni giorno fino alle più difficili. Una riflessione, lo spunto per un confronto tra adulti e bambini che stanno costruendo pian piano la propria identità attraverso scelte piccole e grandi. La bellezza del libro sta nel rendere accessibile un tema importante anche attraverso il gioco: elementi cartotecnici come pop-up, alette e sagome intagliate stimolano l'interattività. Il testo, breve ed efficace, accompagna le coloratissime illustrazioni. Sagome intagliate nelle pagine, alette e pop-up permettono un'esperienza di lettura attiva e coinvolgente, in cui gli elementi interattivi coinvolgono il lettore. Un libro adatto a bambini e adulti, il cui tema si presta a una lettura collettiva e a un confronto in famiglia e in classe. Età di lettura: da 5 anni. 
700 1 |a Druvert, Hélène  |0 IT\ICCU\VIAV\150532  |4 aut 
942 |2 ddc  |c BK 
952 |0 0  |1 0  |2 ddc  |4 0  |6 155_418000000000000_PEI_ATE  |7 1  |9 4306  |a AO  |b AO  |d 2025-06-14  |l 0  |o 155.418 PEI ATE  |p 11464  |r 2025-06-14 11:57:32  |w 2025-06-14  |x Di proprietà di Giulio Gasperini  |y BK 
981 1 |6 z01  |a i   |b xxxe  
982 1 |6 z01  |a n 
999 |c 3314  |d 3314